000 00405nam a2200181Ia 4500
001 4119
005 20260306145732.0
008 260306t2015||||xx |||||||||||||| ||spa||
041 _aESP
082 _a306.85
_bK19
100 _aKampowski, Stephan
_eAUT
245 0 _aFamilia y desarrollo sostenible
260 _c2015
300 _a
_c
650 _aGEN
654 _aCED
942 _cLIB
_dJUS
_fJUS
_2ddc
_n
999 _c4119
_d4119